| 000 | 00644nam a2200193Ia 4500 | ||
|---|---|---|---|
| 008 | 130821s1995 ck gr spa | ||
| 020 | _a9586144305 | ||
| 040 |
_aCo-BoUCM _bspa |
||
| 041 | _aspa | ||
| 100 | 1 |
_aPeralta, Victoria _966605 |
|
| 245 | 1 | 3 |
_aEl ritmo lúdico y los placeres de Bogotá _cVictoria Peralta. |
| 260 |
_aBogotá (Cundinamarca, Colombia) _bPlaneta _c1995 |
||
| 300 | _a168 páginas. | ||
| 490 | 0 |
_aAriel. _aHistoria |
|
| 504 | _aIncluye bibliografía e índice. | ||
| 651 | 4 |
_aBogotá (Colombia) _zColombia _xHistoria _9154310 |
|
| 942 |
_cLIBRO _a21 _e1 _mP37 _2DEWEY _h986.86142 |
||
| 999 |
_c2984 _d2984 |
||